00762cam a2200229Mc 450000500170000000800410001702000180005802000150007603500210009104000500011204100080016210000190017024500480018926000610023730000240029849000280032250400530035065000190040365000250042265000400044765000450048720150506135211.0150506s2013 enk fr 001 u eng d a9780521145817 a0521145813 a(OCoLC)873919208 aCO-BoUCMbspacJose A. GerenadJose A. Gerena0 aeng1 aEdwards, Gemma10aSocial movements and protestcBemma Edwards3 aCambridge (Inglaterra)bCambridge University pressc2013 axiii, 284 páginas0 aKey topics in sociology aIncluye referencias bibliográficas e índices 7aCambio social  7aProtección social  7aGlobalización xAspectos sociales 7aReformas políticas xAspectos sociales